Compendium of theological thought : (Record no. 1625)

MARC details
000 -LEADER
fixed length control field 01373cam a2200397 i 4500
001 - CONTROL NUMBER
control field data
005 - DATE AND TIME OF LATEST TRANSACTION
control field 20260322212109.0
008 - FIXED-LENGTH DATA ELEMENTS--GENERAL INFORMATION
fixed length control field data
035 ## - SYSTEM CONTROL NUMBER
System control number 21102146
010 ## - LIBRARY OF CONGRESS CONTROL NUMBER
LC control number 2019335754
020 ## - INTERNATIONAL STANDARD BOOK NUMBER
International Standard Book Number 9789351483304
Qualifying information (HB)
020 ## - INTERNATIONAL STANDARD BOOK NUMBER
International Standard Book Number 9351483304
020 ## - INTERNATIONAL STANDARD BOOK NUMBER
International Standard Book Number 9789351483311
Qualifying information (PB)
020 ## - INTERNATIONAL STANDARD BOOK NUMBER
International Standard Book Number 9351483312
035 ## - SYSTEM CONTROL NUMBER
System control number (OCoLC)1109221704
037 ## - SOURCE OF ACQUISITION
Source of stock number/acquisition Library of Congress -- New Delhi Overseas Office
040 ## - CATALOGING SOURCE
Original cataloging agency DKAGE
Language of cataloging eng
Description conventions rda
Transcribing agency DKAGE
Modifying agency DLC
-- DKAGE
-- OCLCO
-- OCLCF
-- DLC
042 ## - AUTHENTICATION CODE
Authentication code lcode
-- lcode
050 00 - LIBRARY OF CONGRESS CALL NUMBER
Classification number BR85
Item number .J556 2019
082 04 - DEWEY DECIMAL CLASSIFICATION NUMBER
Classification number 230
Edition information 23
100 1# - MAIN ENTRY--PERSONAL NAME
Personal name John, Santhosh,
Relator term author.
245 10 - TITLE STATEMENT
Title Compendium of theological thought :
Remainder of title varied discussions on counselling, theology, communication spirituality & feminism /
Statement of responsibility, etc. Santhosh John.
264 #1 - PRODUCTION, PUBLICATION, DISTRIBUTION, MANUFACTURE, AND COPYRIGHT NOTICE
Place of production, publication, distribution, manufacture New Delhi :
Name of producer, publisher, distributor, manufacturer Christian World Imprints,
Date of production, publication, distribution, manufacture, or copyright notice 2019.
300 ## - PHYSICAL DESCRIPTION
Extent x, 148 pages ;
Dimensions 23 cm.
336 ## - CONTENT TYPE
Content type term text
Content type code txt
Source rdacontent
337 ## - MEDIA TYPE
Media type term unmediated
Media type code n
Source rdamedia
338 ## - CARRIER TYPE
Carrier type term volume
Carrier type code nc
Source rdacarrier
490 0# - SERIES STATEMENT
Series statement Christian Heritage Rediscovered ;
Volume/sequential designation 72
504 ## - BIBLIOGRAPHY, ETC. NOTE
Bibliography, etc. note Includes bibliographical references.
650 #0 - SUBJECT ADDED ENTRY--TOPICAL TERM
Topical term or geographic name entry element Theology.
650 #7 - SUBJECT ADDED ENTRY--TOPICAL TERM
Topical term or geographic name entry element Theology.
Source of heading or term fast
Authority record control number or standard number (OCoLC)fst01149559
906 ## - LOCAL DATA ELEMENT F, LDF (RLIN)
a 7
b cbc
c copycat
d 3
e ncip
f 20
g y-gencatlg
925 0# -
-- acquire
-- 1 shelf copy
-- policy default
955 ## - COPY-LEVEL INFORMATION (RLIN)
-- wd24 2019-11-06
985 ## -
-- ODE-nd
Holdings
Withdrawn status Lost status Damaged status Not for loan Home library Current library Shelving location Date acquired Total checkouts Full call number Barcode Date last seen Price effective from Koha item type
        Institut Protestant de Théologie Institut Protestant de Théologie General stacks 22/03/2026   230 LOC-IPT-00016 22/03/2026 22/03/2026 Books